MLB Home Run Champs - Statistics

General Stats
  • This quiz has been taken 36 times
    18 since last reset
  • The average score is 67 of 145
Answer Stats
Year Player % Correct
2024 Aaron Judge
100%
2025 Cal Raleigh
100%
2001 Alex Rodriguez
82%
1919 Babe Ruth
82%
1920 Cy Williams
82%
2006 David Ortiz
82%
1957 Hank Aaron
82%
1922 Ken Williams
82%
1994 Matt Williams
82%
2024 Shohei Ohtani
82%
1941 Ted Williams
82%
2009 Albert Pujols
73%
1987 Andre Dawson
73%
1993 Barry Bonds
73%
2013 Chris Davis
73%
1985 Dale Murphy
73%
1968 Frank Howard
73%
1977 George Foster
73%
1979 Gorman Thomas
73%
1962 Harmon Killebrew
73%
1904 Harry Davis
73%
2003 Jim Thome
73%
1970 Johnny Bench
73%
1988 José Canseco
73%
1992 Juan Gonzalez
73%
1994 Ken Griffey Jr.
73%
2018 Khris Davis
73%
2022 Kyle Schwarber
73%
1934 Lou Gehrig
73%
2004 Manny Ramirez
73%
1987 Mark McGwire
73%
2023 Matt Olson
73%
1955 Mickey Mantle
73%
1974 Mike Schmidt
73%
1946 Ralph Kiner
73%
1973 Reggie Jackson
73%
1961 Roger Maris
73%
1922 Rogers Hornsby
73%
2006 Ryan Howard
73%
2000 Sammy Sosa
73%
2004 Adrián Beltré
64%
1995 Albert Belle
64%
2005 Andruw Jones
64%
2015 (Tied) Bryce Harper
64%
1967 (Tied) Carl Yastrzemski
64%
1956 Duke Snider
64%
1953 Eddie Mathews
64%
1958 Ernie Banks
64%
1930 Hack Wilson
64%
1938 Hank Greenberg
64%
1932 Jimmie Foxx
64%
1977 Jim Rice
64%
1937 Joe DiMaggio
64%
1942 Mel Ott
64%
2000 Troy Glaus
64%
2021 (Tied) Vladimir Guerrero Jr.
64%
1955 Willie Mays
64%
1968 Willie McCovey
64%
1971 Willie Stargell
64%
1996 Andrés Galarraga
55%
1990 Cecil Fielder
55%
1985 Darrell Evans
55%
1988 Darryl Strawberry
55%
1979 Dave Kingman
55%
1981 (Tied) Dwight Evans
55%
1981 (Tied) Eddie Murray
55%
1966 Frank Robinson
55%
2017 Giancarlo Stanton
55%
1912 (Tied) Home Run Baker
55%
1991 Howard Johnson
55%
1997 Larry Walker
55%
2016 Mark Trumbo
55%
2008 Miguel Cabrera
55%
2014 Nelson Cruz
55%
2007 Prince Fielder
55%
1909 Red Murray
55%
1990 Ryne Sandberg
55%
2021 (Tied) Salvador Perez
55%
1918 (Tied) Tillie Walker
55%
1912 (Tied) Tris Speaker
55%
1909 Ty Cobb
55%
2016 (Tied) Chris Carter
45%
1929 Chuck Klein
45%
1972 Dick Allen
45%
1989 Fred McGriff
45%
1976 Graig Nettles
45%
1939 Johnny Mize
45%
2010 Jose Bautista
45%
2020 Luke Voit
45%
2009 (Tied) Mark Teixeira
45%
2013 (Tied) Paul Goldschmidt
45%
2019 Pete Alonso
45%
2012 Ryan Braun
45%
1928 (Tied) Jim Bottomley
36%
1989 Kevin Mitchell
36%
1961 Orlando Cepeda
36%
1908 Sam Crawford
36%
1981 (Tied) Bobby Grich
27%
1903 Buck Freeman
27%
2021 Fernando Tatís Jr.
27%
2019 Jorge Soler
27%
2011 Matt Kemp
27%
2013 (Tied) Pedro Álvarez
27%
1934 (Tied) Ripper Collins
27%
1959 (Tied) Rocky Colavito
27%
1954 Ted Kluszewski
27%
1984 Tony Armas
27%
1950 Al Rosen
18%
1980 (Tied) Ben Oglivie
18%
1975 (Tied) George Scott
18%
1952 (Tied) Hank Sauer
18%
1912 Heinie Zimmerman
18%
1986 Jesse Barfield
18%
1937 (Tied) Joe Medwick
18%
1952 Larry Doby
18%
2020 Marcell Ozuna
18%
2018 Nolan Arenado
18%
1971 Bill Melton
9%
1925 Bob Meusel
9%
2009 (Tied) Carlos Peña
9%
1916 (Tied) Dave Robertson
9%
1943 Rudy York
9%
1945 Tommy Holmes
9%
1916 Wally Pipp
9%
1943 Bill Nicholson
0%
1915 Braggo Roth
0%
1995 Dante Bichette
0%
1907 Dave Brain
0%
1941 Dolph Camilli
0%
1911 Frank Schulte
0%
1910 (Tied) Fred Beck
0%
1905 Fred Odwell
0%
1913 Gavvy Cravath
0%
1921 George Kelly
0%
1951 Gus Zernial
0%
1904 Harry Lumley
0%
1924 Jack Fournier
0%
1910 Jake Stahl
0%
1903 Jimmy Sheckard
0%
1944 Nick Etten
0%
1957 Roy Sievers
0%
1906 Tim Jordan
0%
1965 Tony Conigliaro
0%
1945 Vern Stephens
0%
1935 Wally Berger
0%
No matching quizzes found
Score Distribution
Percent of People with Each Score
Percentile by Number Answered
Your Score History
You have not taken this quiz since the last reset